His Dark Materials Characters - Statistics

General Stats
  • This quiz has been taken 199 times
  • The average score is 8 of 15
Answer Stats
Hint Character % Correct
Has the alethiometer Lyra Belaqua
99%
#1's best friend in at home Rodger
85%
Leader of the Gobblers Mrs. Coulter
84%
Daemon of ^ Pantalaimon
83%
Bear that helps #1 Iorek Byrnison
71%
Aeronaut that helps #1 Lee Scoresby
69%
Breaks a hole through worlds Lord Asriel
60%
Witch who helps #1 Serafina Pekkala
43%
Bear that wants a daemon Iofur Rakinson
42%
Gyptian leader John Faa
41%
Gives #1 alethiometer Master
34%
#1's alias Lizzy
30%
Captured by Gobblers/Daemon is a rat Tony Makarios
14%
The name the bear gives to #1 Lyra Silvertounge
9%
Gyptian elder that helps #1 Farder Corman
1%
No matching quizzes found
Score Distribution
Percent of People with Each Score
Percentile by Number Answered
Your Score History
You have not taken this quiz